00638 2200241 4500001002100000005001500021035002000036245007900056100001800135250000600153300003500159700001900194260003300213082001000246084001600256020001800272650002100290990001700311990001700328990001700345990001700362990001700379INLIS00000000000117120190511124606 a0010-05190000621 aPotensi Laut dan Samudra Kita /cIswanto, S.Si; Ilustrator, Rahmat Isnaini0 aIswanto, S.Si a- aiv, 64 hlm. :bilus. ;c25 cm.0 aRahmat Isnaini aBandung :bPakar Raya,c2007 a577.6 a577.6 ISW p a979-534-430-8 aEKologi Perairan a04232/H/2018 a04233/H/2018 a04234/H/2018 a04235/H/2018 a04236/H/2018